[Event "XXIII Festival A"]
[Site "Porto San Giorgio ITA"]
[Date "2011.08.21"]
[Round "1"]
[White "Albertini, Luca"]
[Black "Barnabei, Stefano"]
[Result "1-0"]
[WhiteElo "1986"]
[BlackElo "1759"]
[PlyCount "69"]
[EventDate "2011.08.21"]

1. d4 Nf6 2. c4 c5 3. Nf3 cxd4 4. Nxd4 g6 5. g3 Bg7 6. Bg2 O-O 7. O-O Nc6 8.
Nc2 d6 9. Nc3 a6 10. e4 Bg4 11. Bf3 Bxf3 12. Qxf3 Rc8 13. Qe2 Qd7 14. Bd2 Qg4
15. f3 Qd7 16. Rac1 Rfe8 17. Rfd1 Qh3 18. b3 Red8 19. Qf1 Qxf1+ 20. Kxf1 Nd7
21. Nd5 Kf8 22. Be3 e6 23. Nb6 Nxb6 24. Bxb6 Rd7 25. f4 Ke7 26. a4 f5 27. exf5
gxf5 28. Rd3 e5 29. Ne3 Ke6 30. fxe5 Bxe5 31. Nd5 Ne7 32. Re1 Nxd5 33. Rxd5 Re7
34. Bd4 Kf6 35. Rxd6+ 1-0

[Event "XXIII Festival A"]
[Site "Porto San Giorgio ITA"]
[Date "2011.08.21"]
[Round "1"]
[White "Almadori, Giovanni"]
[Black "Pierantozzi, Stanislao"]
[Result "0-1"]
[WhiteElo "1660"]
[BlackElo "1971"]
[PlyCount "93"]
[EventDate "2011.08.21"]

1. Nf3 Nf6 2. d4 b6 3. e3 Bb7 4. Bd3 e6 5. O-O Be7 6. Nbd2 d5 7. Ne5 c5 8. c3
O-O 9. Qe2 Nc6 10. f4 g6 11. Ndf3 Ne4 12. Nd2 f6 13. Nef3 Nxd2 14. Bxd2 Qd6 15.
Rae1 f5 16. Ne5 Kg7 17. a3 Rfc8 18. Rc1 Nxe5 19. fxe5 Qd7 20. g4 Rg8 21. Kh1
Bc6 22. gxf5 gxf5 23. Rg1+ Kh8 24. Qh5 Raf8 25. Rcf1 Qe8 26. Be2 Qxh5 27. Bxh5
Be8 28. Rxg8+ Rxg8 29. Bxe8 Rxe8 30. Rg1 Rg8 31. b3 Rxg1+ 32. Kxg1 cxd4 33.
exd4 Bxa3 34. b4 a5 35. Kf2 a4 36. Ke2 Bb2 37. Kd3 a3 38. Kc2 Kg7 39. Bf4 b5
40. Be3 Kg6 41. Bf4 Kh5 42. Be3 Kh4 43. c4 Kh3 44. Bf2 f4 45. Be1 Bxd4 46. Bc3
Bxc3 47. Kxc3 0-1

[Event "XXIII Festival A"]
[Site "Porto San Giorgio ITA"]
[Date "2011.08.21"]
[Round "1"]
[White "Antonelli, Alessandro"]
[Black "Ramundi, Lorenzo"]
[Result "1/2-1/2"]
[WhiteElo "1971"]
[BlackElo "1617"]
[PlyCount "54"]
[EventDate "2011.08.21"]

1. Nf3 c5 2. g3 g6 3. Bg2 Bg7 4. O-O Nc6 5. c4 Nf6 6. Nc3 O-O 7. d3 d6 8. Bf4
Bd7 9. Qd2 Rb8 10. Bh6 a6 11. Bxg7 Kxg7 12. a4 Na5 13. Qc2 Qb6 14. Nd2 Nc6 15.
Nf3 Na5 16. Ra3 Bc6 17. Nd2 Bxg2 18. Kxg2 Nc6 19. Nb3 Na5 20. Rfa1 Qc6+ 21. Kg1
Nxb3 22. Rxb3 Qd7 23. Kg2 d5 24. cxd5 Nxd5 25. Nxd5 Qxd5+ 26. Kg1 b5 27. axb5
Rxb5 1/2-1/2

[Event "XXIII Festival A"]
[Site "Porto San Giorgio ITA"]
[Date "2011.08.21"]
[Round "1"]
[White "Arnetta, Maria Teresa"]
[Black "Di Martino, Antonio"]
[Result "1-0"]
[WhiteElo "2069"]
[BlackElo "1841"]
[PlyCount "77"]
[EventDate "2011.08.21"]

1. e4 e6 2. d4 d5 3. e5 c5 4. Nf3 Nc6 5. Bd3 cxd4 6. O-O Nge7 7. Bf4 Ng6 8. Bg3
Bc5 9. Nbd2 Bd7 10. Nb3 Bb6 11. h4 O-O 12. h5 Nge7 13. a3 f6 14. h6 g6 15. exf6
Rxf6 16. Bh4 Rf8 17. Qe2 Qe8 18. Ne5 Nf5 19. Bg5 Nxe5 20. Qxe5 Qf7 21. Nd2 Rac8
22. Nf3 Bd8 23. Bxf5 gxf5 24. Bxd8 Rcxd8 25. Qxd4 b6 26. Rfe1 Qf6 27. Qf4 Bc8
28. Nd4 Rde8 29. Re5 Kh8 30. Rae1 Rg8 31. f3 Rg6 32. Rxf5 exf5 33. Rxe8+ Rg8
34. Rxg8+ Kxg8 35. c3 Qf8 36. Qc7 a5 37. Qxb6 Qe8 38. Kf2 f4 39. Ne2 1-0

[Event "XXIII Festival A"]
[Site "Porto San Giorgio ITA"]
[Date "2011.08.21"]
[Round "1"]
[White "Bellincampi, Stefano"]
[Black "Tazzioli, Luca"]
[Result "1/2-1/2"]
[WhiteElo "2067"]
[BlackElo "1838"]
[PlyCount "77"]
[EventDate "2011.08.21"]

1. e4 d5 2. exd5 Qxd5 3. Nf3 Nf6 4. d4 c6 5. Be2 Bf5 6. O-O e6 7. c4 Qd8 8. Nc3
Bd6 9. Re1 O-O 10. h3 h6 11. Qb3 Qb6 12. Qa4 Qb4 13. Qd1 Qa5 14. Be3 Nbd7 15.
a3 Ne4 16. Nxe4 Bxe4 17. Nd2 Bg6 18. Bf3 Nf6 19. b4 Qc7 20. Qb3 Rfd8 21. Rac1
Rac8 22. d5 cxd5 23. cxd5 Qxc1 24. Rxc1 Rxc1+ 25. Nf1 Rb1 26. Qa2 Nxd5 27. Bd4
Rc8 28. g3 Rcc1 29. Be2 Rxf1+ 30. Bxf1 Bd3 31. Bxa7 Be5 32. Bc5 b6 33. Bxb6
Nxb6 34. Qd2 Rxf1+ 35. Kg2 Bd4 36. Qxd3 Rxf2+ 37. Kh1 e5 38. Qb5 Kh7 39. a4
1/2-1/2

[Event "XXIII Festival A"]
[Site "Porto San Giorgio ITA"]
[Date "2011.08.21"]
[Round "1"]
[White "Bentivegna, Francesco"]
[Black "Zamengo, Bruno"]
[Result "1-0"]
[WhiteElo "2330"]
[BlackElo "1936"]
[PlyCount "59"]
[EventDate "2011.08.21"]

1. e4 e6 2. d4 d5 3. e5 c5 4. c3 Nc6 5. Nf3 Qb6 6. Bd3 Bd7 7. dxc5 Bxc5 8. O-O
a5 9. Nbd2 a4 10. b4 axb3 11. Nxb3 Nge7 12. Qe2 Ng6 13. h4 f6 14. exf6 gxf6 15.
Rb1 Nge5 16. Nxe5 Nxe5 17. Nxc5 Qxc5 18. Be3 Qc8 19. Qh5+ Ke7 20. Bb5 Ra5 21.
a4 Bxb5 22. axb5 Qe8 23. Bc5+ Kd7 24. Qe2 Nf7 25. Rfe1 e5 26. Red1 Kc8 27. Rxd5
Rxb5 28. Rxb5 Qxb5 29. Qg4+ Kc7 30. Qg7 1-0

[Event "XXIII Festival A"]
[Site "Porto San Giorgio ITA"]
[Date "2011.08.21"]
[Round "1"]
[White "Bisi, Samuele"]
[Black "Carletti, Davide M."]
[Result "1-0"]
[WhiteElo "1977"]
[BlackElo "1726"]
[PlyCount "101"]
[EventDate "2011.08.21"]

1. d4 d5 2. Nf3 e6 3. c4 c6 4. cxd5 exd5 5. Nc3 Bd6 6. Bg5 Nf6 7. e3 O-O 8. Bd3
Bg4 9. O-O Nbd7 10. Rc1 Re8 11. Bh4 Qb6 12. Na4 Qc7 13. Bg3 Ne4 14. Bxd6 Qxd6
15. Be2 f5 16. Nh4 Bxe2 17. Qxe2 Qf6 18. Qh5 g6 19. Qh6 Ng5 20. Nf3 Nxf3+ 21.
gxf3 Re7 22. f4 Qd6 23. a3 Nf6 24. Nc5 Ne4 25. Nd3 Nd2 26. Rfd1 Nc4 27. Rc2 Re6
28. Qg5 Rf8 29. Ne5 Nxe5 30. fxe5 Qd8 31. Qxd8 Rxd8 32. f4 Rd7 33. Kf2 h5 34.
Rdc1 a6 35. b4 Kh7 36. Rc5 Rc7 37. Rxd5 Kh6 38. Rdc5 Rd7 39. Kf3 Rg7 40. h4 Rf7
41. a4 Ree7 42. Rb1 Rc7 43. b5 cxb5 44. Rxc7 Rxc7 45. axb5 a5 46. d5 Kg7 47. d6
Rd7 48. b6 Rd8 49. Rc1 a4 50. Rc7+ Kf8 51. Rxb7 1-0

[Event "XXIII Festival A"]
[Site "Porto San Giorgio ITA"]
[Date "2011.08.21"]
[Round "1"]
[White "Bolog, Iacint"]
[Black "Dvirnyy, Danyyil"]
[Result "0-1"]
[WhiteElo "1959"]
[BlackElo "2436"]
[PlyCount "90"]
[EventDate "2011.08.21"]

1. d4 Nf6 2. c4 g6 3. Nf3 Bg7 4. Nc3 O-O 5. e3 d6 6. Be2 Nbd7 7. O-O e5 8. dxe5
dxe5 9. Qc2 Re8 10. h3 e4 11. Nd4 c6 12. Rd1 Qe7 13. b3 Bf8 14. a4 Qe5 15. Ba3
c5 16. f4 Qb8 17. Ndb5 a6 18. Bb2 axb5 19. cxb5 b6 20. Nd5 Bg7 21. Nxf6+ Nxf6
22. Be5 Rxe5 23. fxe5 Qxe5 24. Rd8+ Bf8 25. Rf1 Kg7 26. Bc4 Bd6 27. g4 Bc7 28.
Rdd1 h5 29. Qg2 hxg4 30. Rxf6 Kxf6 31. Rf1+ Kg5 32. Bxf7 Qg3 33. Qxg3 Bxg3 34.
Bd5 Ra7 35. hxg4 Re7 36. Rf8 Bxg4 37. Kf1 Bf3 38. Bc6 Rh7 39. Rxf3 exf3 40.
Bxf3 Rh2 41. Bg2 Kg4 42. Bd5 Rf2+ 43. Kg1 Rd2 44. e4 Kf3 45. e5+ Rxd5 0-1

[Event "XXIII Festival A"]
[Site "Porto San Giorgio ITA"]
[Date "2011.08.21"]
[Round "1"]
[White "Bruno, Fabio"]
[Black "Marsili, Riccardo"]
[Result "1-0"]
[WhiteElo "2466"]
[BlackElo "1962"]
[PlyCount "71"]
[EventDate "2011.08.21"]

1. d4 Nf6 2. Nf3 c5 3. d5 b5 4. c4 a6 5. Qc2 d6 6. e4 b4 7. h3 e5 8. a3 bxa3 9.
Rxa3 Be7 10. Bd3 O-O 11. O-O Nxe4 12. Bxe4 f5 13. Nxe5 fxe4 14. Ng4 Bf5 15. Qe2
Nd7 16. Nd2 h5 17. Nh2 Nf6 18. f3 exf3 19. Raxf3 Bg6 20. Rg3 Bh7 21. Re3 Re8
22. Ndf3 Nd7 23. Re1 Kf8 24. Qf2 Kg8 25. Qg3 Nf6 26. Ng5 Bf5 27. Ne6 Bxe6 28.
Rxe6 Bf8 29. Bg5 Rxe6 30. Rxe6 Be7 31. Nf3 Ra7 32. Bh6 Bf8 33. Qg6 Kh8 34. Bg5
Be7 35. Bxf6 Bxf6 36. Re8+ 1-0

[Event "XXIII Festival A"]
[Site "Porto San Giorgio ITA"]
[Date "2011.08.21"]
[Round "1"]
[White "Cafaro, Luca"]
[Black "Cantoro, Daniele"]
[Result "1-0"]
[WhiteElo "1774"]
[BlackElo "1999"]
[PlyCount "71"]
[EventDate "2011.08.21"]

1. e4 c5 2. Nf3 Nc6 3. d4 cxd4 4. Nxd4 Nf6 5. Nc3 d6 6. Be3 e6 7. f3 Be7 8. Qd2
O-O 9. O-O-O a6 10. g4 Qc7 11. h4 b5 12. h5 Ne5 13. g5 Ne8 14. f4 Ng4 15. Bh3
Nxe3 16. Qxe3 b4 17. Nce2 e5 18. Nf5 Bxf5 19. exf5 Qc8 20. Qb3 Rb8 21. h6 exf4
22. hxg7 Bxg5 23. gxf8=Q+ Kxf8 24. Kb1 Nf6 25. Rd4 Qc6 26. Rf1 Re8 27. Nxf4 Ne4
28. Ne6+ fxe6 29. fxe6+ Kg7 30. Qxb4 Nc5 31. Qc3 Kg8 32. Rg4 h6 33. Qf6 Kh7 34.
Rxg5 hxg5 35. Bf5+ Kg8 36. Qg6+ 1-0

[Event "XXIII Festival A"]
[Site "Porto San Giorgio ITA"]
[Date "2011.08.21"]
[Round "1"]
[White "Calavalle, Giulio"]
[Black "Luzi, Alessandro"]
[Result "1-0"]
[WhiteElo "2239"]
[BlackElo "1920"]
[PlyCount "119"]
[EventDate "2011.08.21"]

1. e4 c6 2. d4 d5 3. Nc3 dxe4 4. Nxe4 Bf5 5. Ng3 Bg6 6. Nf3 e6 7. h4 h6 8. Ne5
Bh7 9. Qh5 Qe7 10. Bd3 Bxd3 11. Nxd3 Nf6 12. Qa5 Nbd7 13. Bd2 Qd8 14. Qc3 Bd6
15. Bf4 Nd5 16. Qd2 Nxf4 17. Nxf4 Nf6 18. O-O-O Qc7 19. Nge2 O-O-O 20. Nd3 Rhe8
21. Qe3 Nd5 22. Qf3 Kb8 23. c4 Nb4 24. Nxb4 Bxb4 25. c5 Qe7 26. Qg3+ Ka8 27.
Qxg7 Rg8 28. Qxh6 Rxg2 29. Qe3 Rh8 30. Ng3 Rxh4 31. Rxh4 Qxh4 32. Qf3 Qh6+ 33.
Kc2 Rh2 34. Qxf7 a6 35. a3 Ba5 36. b4 Bd8 37. Rd2 Bg5 38. Re2 Bc1 39. Qxe6 Qf4
40. Qd6 Rh8 41. Qxf4 Bxf4 42. Ne4 Rh1 43. Nd6 Kb8 44. Nc4 Rc1+ 45. Kd3 Rd1+ 46.
Ke4 Bh6 47. f4 Bg7 48. Ne5 Rf1 49. Nf3 Ra1 50. Re3 Bh6 51. Ne5 Rf1 52. Nd3 Ra1
53. Rh3 Bg7 54. Rg3 Bf6 55. Rg6 Bh4 56. Rh6 Bg3 57. f5 Rf1 58. Rh3 Bc7 59. Rf3
Rh1 60. f6 1-0

[Event "XXIII Festival A"]
[Site "Porto San Giorgio ITA"]
[Date "2011.08.21"]
[Round "1"]
[White "Carnicelli, Flavio"]
[Black "Sorbera, Giovanni"]
[Result "0-1"]
[WhiteElo "1904"]
[BlackElo "2197"]
[PlyCount "68"]
[EventDate "2011.08.21"]

1. e4 Nf6 2. e5 Nd5 3. d4 d6 4. c4 Nb6 5. exd6 exd6 6. Bd3 Be7 7. Ne2 Na6 8. a3
c6 9. O-O O-O 10. Nbc3 Nc7 11. b3 d5 12. c5 Nd7 13. Be3 Re8 14. Qd2 g6 15. Rae1
Ne6 16. b4 f5 17. f4 Bf6 18. Bc2 Qe7 19. Nc1 Qg7 20. Nb3 b6 21. Kh1 bxc5 22.
bxc5 Ba6 23. Rg1 h5 24. Ne2 Rab8 25. Nec1 Bc4 26. Rd1 Bxb3 27. Nxb3 Ndf8 28. g3
Rb7 29. h3 Rbe7 30. Rde1 Qh8 31. Qf2 h4 32. Rd1 Nxc5 33. dxc5 Rxe3 34. Rde1
hxg3 0-1

[Event "XXIII Festival A"]
[Site "Porto San Giorgio ITA"]
[Date "2011.08.21"]
[Round "1"]
[White "Chiarion, Elisa"]
[Black "Prohaszka, Peter"]
[Result "0-1"]
[WhiteElo "1964"]
[BlackElo "2547"]
[PlyCount "58"]
[EventDate "2011.08.21"]

1. e4 c6 2. d4 d5 3. e5 Bf5 4. Nc3 e6 5. g4 Bg6 6. Nge2 f6 7. Nf4 fxe5 8. Nxg6
hxg6 9. dxe5 Nd7 10. Bf4 Bc5 11. Bd3 Ne7 12. Na4 Qa5+ 13. c3 Bxf2+ 14. Kxf2 b5
15. Qc2 O-O 16. Kg3 Qxa4 17. Qxa4 bxa4 18. Bc2 Rab8 19. b3 Rf7 20. Bg5 Rbf8 21.
Bxe7 Rxe7 22. Rae1 Ref7 23. Re3 g5 24. h4 Nxe5 25. Bh7+ Kxh7 26. hxg5+ Kg8 27.
Rxe5 Rf3+ 28. Kh4 Kf7 29. g6+ Kf6 0-1

[Event "XXIII Festival A"]
[Site "Porto San Giorgio ITA"]
[Date "2011.08.21"]
[Round "1"]
[White "Ciampi, Vincenzo"]
[Black "Piantieri, Guido"]
[Result "1-0"]
[WhiteElo "2101"]
[BlackElo "1853"]
[PlyCount "47"]
[EventDate "2011.08.21"]

1. d4 f5 2. Bg5 Nf6 3. Bxf6 exf6 4. e3 d5 5. c4 c6 6. Nc3 Bb4 7. Qb3 Bxc3+ 8.
bxc3 O-O 9. Nh3 Re8 10. cxd5 cxd5 11. Nf4 Kh8 12. g3 g5 13. Nd3 Nc6 14. Bg2 f4
15. gxf4 Bf5 16. Qd1 Qa5 17. O-O Qxc3 18. Nc5 gxf4 19. Rc1 Qb2 20. Qh5 Bg6 21.
Qf3 b6 22. Qxf4 Be4 23. Nxe4 Rg8 24. Qxf6+ 1-0

[Event "XXIII Festival A"]
[Site "Porto San Giorgio ITA"]
[Date "2011.08.21"]
[Round "1"]
[White "Consalvo, Gerardo"]
[Black "Caldarola, Stefano"]
[Result "1/2-1/2"]
[WhiteElo "2012"]
[BlackElo "1809"]
[PlyCount "81"]
[EventDate "2011.08.21"]

1. e4 d5 2. Nc3 d4 3. Nce2 e5 4. d3 Bd6 5. g3 Ne7 6. Bg2 c5 7. f4 exf4 8. Bxf4
Nbc6 9. Qd2 f6 10. Nf3 Be6 11. O-O O-O 12. a3 Rc8 13. c3 Ne5 14. Bxe5 fxe5 15.
Ng5 Qd7 16. c4 h6 17. Nxe6 Qxe6 18. b4 b6 19. bxc5 Bxc5 20. Rxf8+ Rxf8 21. Nc1
Rc8 22. Nb3 Qd6 23. Nxc5 Rxc5 24. Rf1 Qe6 25. Qf2 Rc8 26. Bh3 Qxh3 27. Qf7+ Kh7
28. Qxe7 Rc5 29. Qe8 Qc8 30. Qxc8 Rxc8 31. Rf7 a6 32. Rb7 b5 33. cxb5 axb5 34.
Rxb5 Rc3 35. Rxe5 Rxa3 36. Kf2 Rxd3 37. Ke2 Ra3 38. Rd5 Re3+ 39. Kd2 Rxe4 40.
Kd3 Re1 41. Rxd4 1/2-1/2

[Event "XXIII Festival A"]
[Site "Porto San Giorgio ITA"]
[Date "2011.08.21"]
[Round "1"]
[White "Conti, Ferdinando"]
[Black "Splendiani, Francesco"]
[Result "0-1"]
[WhiteElo "1800"]
[BlackElo "2000"]
[PlyCount "76"]
[EventDate "2011.08.21"]

1. b4 d5 2. Bb2 Bf5 3. Nf3 e6 4. e3 Nf6 5. b5 Bd6 6. Be2 a6 7. a4 c5 8. c4 O-O
9. O-O Nbd7 10. Nc3 dxc4 11. Bxc4 Ne5 12. Nxe5 Bxe5 13. d3 Nd5 14. Bxd5 exd5
15. f4 Bxc3 16. Bxc3 d4 17. exd4 cxd4 18. Bb2 Qd7 19. Qb3 Rfe8 20. Qc4 Rac8 21.
Qb3 Re2 22. Rf2 Rxf2 23. Kxf2 Qc7 24. Bc1 Qc2+ 25. Qxc2 Rxc2+ 26. Kg3 Bxd3 27.
Ra3 Be4 28. bxa6 bxa6 29. Rb3 Rxg2+ 30. Kh3 f5 31. Rb6 Rg4 32. Rb8+ Kf7 33. Rb2
Ke6 34. Rd2 Kd5 35. Bb2 d3 36. Be5 Bg2+ 37. Rxg2 Rxg2 38. Kxg2 d2 0-1

[Event "XXIII Festival A"]
[Site "Porto San Giorgio ITA"]
[Date "2011.08.21"]
[Round "1"]
[White "Cornaggia, Ranieri"]
[Black "Reif, Werner"]
[Result "1-0"]
[WhiteElo "2079"]
[BlackElo "1848"]
[PlyCount "69"]
[EventDate "2011.08.21"]

1. e4 c6 2. d4 d5 3. Nc3 dxe4 4. Nxe4 Bf5 5. Ng3 Bg6 6. f4 e6 7. Nf3 Nd7 8. Be2
Bd6 9. O-O Qc7 10. Ne5 Ne7 11. Bf3 O-O-O 12. Qe2 Nf6 13. c3 Nf5 14. Nxf5 exf5
15. b4 Nd5 16. Qc4 Nb6 17. Qb3 f6 18. Nxg6 hxg6 19. g3 Kb8 20. c4 Nc8 21. c5
Be7 22. Be3 g5 23. b5 g4 24. Bh1 cxb5 25. Qxb5 a6 26. Qb3 Na7 27. Rab1 Nc6 28.
Rfd1 Na5 29. Qb4 Nc6 30. Qa4 Na5 31. Rb6 Bxc5 32. dxc5 Rxd1+ 33. Qxd1 Rd8 34.
Rd6 Re8 35. Bf2 1-0

[Event "XXIII Festival A"]
[Site "Porto San Giorgio ITA"]
[Date "2011.08.21"]
[Round "1"]
[White "Crafa, Carmine"]
[Black "Viaggi, Stefano"]
[Result "0-1"]
[WhiteElo "1805"]
[BlackElo "2010"]
[PlyCount "90"]
[EventDate "2011.08.21"]

1. e4 g6 2. d4 Bg7 3. Nc3 d6 4. f4 e6 5. Nf3 Ne7 6. Bd3 a6 7. O-O O-O 8. Kh1 b5
9. Ne2 c5 10. c3 Nbc6 11. dxc5 dxc5 12. Be3 c4 13. Bc2 Qc7 14. Ned4 Bb7 15.
Nxc6 Bxc6 16. Qe2 Qb7 17. Bd4 f6 18. Rad1 Rad8 19. Bc5 Rfe8 20. Rxd8 Rxd8 21.
Nd4 Kf7 22. Bxe7 Kxe7 23. Nxc6+ Qxc6 24. Rd1 Rxd1+ 25. Qxd1 Qd6 26. Qxd6+ Kxd6
27. Kg1 Bh6 28. g3 e5 29. fxe5+ fxe5 30. Kf2 Bc1 31. b3 Bd2 32. bxc4 bxc4 33.
Ke2 Bxc3 34. h3 Kc5 35. g4 h6 36. h4 Kb4 37. a4 Bd4 38. h5 gxh5 39. gxh5 Kc3
40. Bd1 a5 41. Ke1 Be3 42. Be2 Kb3 43. Bd1+ Kb2 44. Kf1 Bf4 45. Ke2 Bg5 0-1

[Event "XXIII Festival A"]
[Site "Porto San Giorgio ITA"]
[Date "2011.08.21"]
[Round "1"]
[White "D'Aquino, Ugo"]
[Black "Molina, Fabrizio"]
[Result "0-1"]
[WhiteElo "1925"]
[BlackElo "2256"]
[PlyCount "62"]
[EventDate "2011.08.21"]

1. e4 d6 2. d4 Nf6 3. Nc3 Nbd7 4. g3 c6 5. Bg2 e5 6. Nge2 Be7 7. O-O b5 8. d5
Bb7 9. a3 cxd5 10. Nxd5 Nxd5 11. exd5 O-O 12. Be3 a6 13. a4 Qc7 14. axb5 axb5
15. Qd2 f5 16. Rfe1 Rfc8 17. c3 Nc5 18. Qc2 g6 19. h4 Bf6 20. h5 Bg7 21. hxg6
hxg6 22. g4 Qf7 23. Rxa8 Bxa8 24. gxf5 gxf5 25. Bh3 Qxd5 26. Ng3 Rf8 27. Rd1
Qc6 28. Kh2 f4 29. Nf5 Qe4 30. Qe2 fxe3 31. Qh5 Qf4+ 0-1

[Event "XXIII Festival A"]
[Site "Porto San Giorgio ITA"]
[Date "2011.08.21"]
[Round "1"]
[White "De Carlo, Fabio"]
[Black "Balzano, Filli"]
[Result "1/2-1/2"]
[WhiteElo "2044"]
[BlackElo "1822"]
[PlyCount "72"]
[EventDate "2011.08.21"]

1. e4 c6 2. d4 d5 3. e5 Bf5 4. h4 h6 5. g4 Bh7 6. Bd3 Bxd3 7. Qxd3 e6 8. Be3
Qb6 9. Nd2 Nd7 10. Ne2 c5 11. c3 c4 12. Qc2 h5 13. f3 Qd8 14. Nf4 Nb6 15. Nxh5
g6 16. Bg5 Be7 17. Bxe7 Qxe7 18. Ng3 Rxh4 19. O-O-O O-O-O 20. Rdg1 Qg5 21. Kb1
Ne7 22. Rxh4 Qxh4 23. Ndf1 Qh6 24. Rh1 Qg7 25. Qh2 Nd7 26. f4 f5 27. gxf5 gxf5
28. Nh5 Qg4 29. Ne3 Qf3 30. Nc2 Rh8 31. Qh3 Qxh3 32. Rxh3 Rg8 33. Ne3 Ng6 34.
Rg3 Ne7 35. Rxg8+ Nxg8 36. Ng2 Nf8 1/2-1/2

[Event "XXIII Festival A"]
[Site "Porto San Giorgio ITA"]
[Date "2011.08.21"]
[Round "1"]
[White "De Felice, Michele"]
[Black "Pescatore, Lorenzo"]
[Result "0-1"]
[WhiteElo "1870"]
[BlackElo "2121"]
[PlyCount "58"]
[EventDate "2011.08.21"]

1. d4 Nf6 2. Nf3 e6 3. e3 c5 4. Bd3 b6 5. O-O Bb7 6. Nbd2 d5 7. c3 Nbd7 8. Qe2
Ne4 9. Bc2 f5 10. Nxe4 fxe4 11. Ne5 Nxe5 12. dxe5 Qc7 13. Ba4+ Bc6 14. Bxc6+
Qxc6 15. f3 O-O-O 16. Qa6+ Kb8 17. fxe4 dxe4 18. b3 Be7 19. a4 Rhf8 20. Ba3 Bg5
21. Rxf8 Rxf8 22. Re1 Qd5 23. b4 Bxe3+ 24. Kh1 Qd2 25. Rf1 Rxf1+ 26. Qxf1 Bf2
27. bxc5 e3 28. cxb6 e2 29. Bd6+ Kb7 0-1

[Event "XXIII Festival A"]
[Site "Porto San Giorgio ITA"]
[Date "2011.08.21"]
[Round "1"]
[White "Del Nevo, Claudio"]
[Black "Barberi, Alessandro"]
[Result "0-1"]
[WhiteElo "1831"]
[BlackElo "2062"]
[PlyCount "124"]
[EventDate "2011.08.21"]

1. d4 g6 2. Nf3 Bg7 3. c3 f5 4. h3 d6 5. Bg5 Nf6 6. Bxf6 Bxf6 7. e3 O-O 8. Bd3
e5 9. dxe5 dxe5 10. Nbd2 Be6 11. Qe2 Nd7 12. Bc4 Bf7 13. Bxf7+ Rxf7 14. O-O-O
e4 15. Nd4 c5 16. Ne6 Qa5 17. Kb1 Qb6 18. Nf4 Bg7 19. Nc4 Qa6 20. Rd6 Nb6 21.
Nxb6 axb6 22. Qxa6 Rxa6 23. Rhd1 b5 24. Rd7 Raf6 25. R7d6 Rxd6 26. Rxd6 Be5 27.
Rd8+ Rf8 28. Rxf8+ Kxf8 29. Ne6+ Ke7 30. Nxc5 b6 31. Nb3 Bh2 32. Kc2 Bg1 33.
Nd4 Bxf2 34. Kd2 b4 35. Nc6+ Kd6 36. Nxb4 g5 37. Ke2 Bg1 38. g3 h5 39. Nc2 h4
40. Nd4 Ke5 41. gxh4 gxh4 42. b4 f4 43. exf4+ Kxf4 44. Ne6+ Kg3 45. Ng5 b5 46.
c4 bxc4 47. b5 Bb6 48. Nxe4+ Kxh3 49. Kf3 Kh2 50. a4 h3 51. Nf2 c3 52. Ng4+ Kg1
53. Ke2 Kg2 54. Kd3 Kg3 55. Nf6 h2 56. Nd5 h1=Q 57. Nxb6 Qe1 58. Nc4 Qd1+ 59.
Kxc3 Qxa4 60. b6 Qc6 61. Kb4 Kf4 62. Kb3 Ke4 0-1

[Event "XXIII Festival A"]
[Site "Porto San Giorgio ITA"]
[Date "2011.08.21"]
[Round "1"]
[White "Di Donatantonio, Franco"]
[Black "Zinnai, Graziano Matteo"]
[Result "1-0"]
[WhiteElo "2143"]
[BlackElo "1882"]
[PlyCount "57"]
[EventDate "2011.08.21"]

1. d3 d5 2. Nd2 Nf6 3. e4 Bg4 4. Be2 Bxe2 5. Qxe2 e6 6. Ngf3 Be7 7. O-O O-O 8.
c3 c5 9. Rd1 Nc6 10. Nf1 Qc7 11. Ng3 Rfd8 12. Bd2 b5 13. Rac1 c4 14. d4 a5 15.
e5 Nd7 16. Ng5 h6 17. Nh3 b4 18. f4 Nb6 19. f5 Qd7 20. f6 Bf8 21. fxg7 Bxg7 22.
Nh5 Kh7 23. Nxg7 Kxg7 24. Qg4+ Kh7 25. Qh5 Rh8 26. Bxh6 Na4 27. Rf1 Nd8 28.
Ng5+ Kg8 29. Nxf7 1-0

[Event "XXIII Festival A"]
[Site "Porto San Giorgio ITA"]
[Date "2011.08.21"]
[Round "1"]
[White "Di Misa, Salvatore"]
[Black "Martinez, Rolly"]
[Result "0-1"]
[WhiteElo "1957"]
[BlackElo "2419"]
[PlyCount "80"]
[EventDate "2011.08.21"]

1. e4 c5 2. a3 g6 3. b4 Bg7 4. Nc3 d6 5. bxc5 dxc5 6. Bb2 Nc6 7. Nf3 Nf6 8. Rb1
O-O 9. Be2 b6 10. O-O Nd4 11. Re1 Bb7 12. d3 Nh5 13. Nxd4 cxd4 14. Nd5 Bxd5 15.
exd5 Nf4 16. Bf3 Nxd5 17. Bxd5 Qxd5 18. Rxe7 Rfe8 19. Rxe8+ Rxe8 20. Bc1 Qa2
21. Bd2 Qxa3 22. Bb4 Qa4 23. c4 Qxd1+ 24. Rxd1 Bf8 25. Bd2 f5 26. Kf1 Kf7 27.
Ra1 a5 28. Ra4 Ke6 29. Ke2 Kd7+ 30. Kd1 Kc6 31. Be1 Bh6 32. h3 Bf4 33. Ra2 h5
34. Ra4 g5 35. Ra2 g4 36. hxg4 fxg4 37. Rb2 h4 38. Rb5 Rh8 39. Rf5 h3 40. Rf6+
Bd6 0-1

[Event "XXIII Festival A"]
[Site "Porto San Giorgio ITA"]
[Date "2011.08.21"]
[Round "1"]
[White "Di Pietro, Gabriele"]
[Black "Maksimovic, Miodrag"]
[Result "0-1"]
[WhiteElo "1840"]
[BlackElo "2068"]
[PlyCount "72"]
[EventDate "2011.08.21"]

1. e4 e6 2. d4 d5 3. Nd2 Nc6 4. c3 e5 5. dxe5 Nxe5 6. exd5 Qxd5 7. Ndf3 Qxd1+
8. Kxd1 Bg4 9. Be2 O-O-O+ 10. Ke1 Nxf3+ 11. Nxf3 Bc5 12. Bg5 f6 13. Bf4 Ne7 14.
Rd1 Nd5 15. Bc1 Rhe8 16. Kf1 c6 17. h3 Bh5 18. g4 Bf7 19. Re1 Bd6 20. a3 Nf4
21. Bxf4 Bxf4 22. Kg2 Bd5 23. c4 Be4 24. Rd1 c5 25. b4 Kc7 26. bxc5 Kc6 27.
Rxd8 Rxd8 28. Re1 Kxc5 29. Bf1 Bc6 30. Re7 Rd7 31. Rxd7 Bxd7 32. Ne1 Bc6+ 33.
f3 Kd4 34. Nd3 Bd6 35. Nb4 Bxb4 36. axb4 Bd7 0-1

[Event "XXIII Festival A"]
[Site "Porto San Giorgio ITA"]
[Date "2011.08.21"]
[Round "1"]
[White "Dieli, Riccardo"]
[Black "Boscolo, Marco"]
[Result "0-1"]
[WhiteElo "1897"]
[BlackElo "2166"]
[PlyCount "46"]
[EventDate "2011.08.21"]

1. Nf3 Nf6 2. d4 g6 3. Nc3 d5 4. Bg5 Bg7 5. e3 c6 6. Bd3 Qa5 7. O-O Bg4 8. h3
Be6 9. a3 O-O 10. Ne2 Qd8 11. Nf4 Bc8 12. c4 Ne4 13. Bxe4 dxe4 14. Nd2 h6 15.
Nxe4 hxg5 16. Nxg6 fxg6 17. Nxg5 e5 18. h4 exd4 19. e4 Qd7 20. f3 c5 21. Rb1
Nc6 22. b4 Ne5 23. bxc5 Qe7 0-1

[Event "XXIII Festival A"]
[Site "Porto San Giorgio ITA"]
[Date "2011.08.21"]
[Round "1"]
[White "Dietrich, Stefano"]
[Black "White, Kevin D."]
[Result "0-1"]
[WhiteElo "1857"]
[BlackElo "2104"]
[PlyCount "116"]
[EventDate "2011.08.21"]

1. Nf3 Nf6 2. c4 g6 3. g3 Bg7 4. Bg2 O-O 5. Nc3 d6 6. O-O e5 7. d3 Nc6 8. Bg5
h6 9. Bd2 Be6 10. Ne1 Qd7 11. Nd5 Ne8 12. Bc3 f5 13. f4 Nd8 14. e4 c6 15. Ne3
Nc7 16. exf5 gxf5 17. Qh5 Qf7 18. Qxf7+ Rxf7 19. fxe5 dxe5 20. Bf3 c5 21. Bh5
Rf8 22. Nf3 Nc6 23. Nh4 f4 24. Ng4 Rad8 25. Rad1 Nd4 26. Bxd4 Rxd4 27. Nf2 Rd7
28. Ng6 fxg3 29. hxg3 Rf5 30. g4 Rf3 31. Kg2 Re3 32. Rfe1 Rxe1 33. Rxe1 e4 34.
Rxe4 Bxb2 35. Ne5 Rg7 36. Re2 Bd4 37. Kh2 Bc8 38. Nf3 Bxf2 39. Rxf2 Bxg4 40.
Bxg4 Rxg4 41. Ne5 Rg5 42. Nf7 Rg6 43. Ne5 Re6 44. Nf7 b6 45. Nd8 Rd6 46. Rg2+
Kf8 47. Rf2+ Ke8 48. Nf7 Rxd3 49. Nxh6 Rd4 50. Nf5 Rd7 51. Kg3 Ne6 52. Re2 Kf7
53. Nh6+ Ke7 54. Nf5+ Kf6 55. Ne3 Nd4 56. Rf2+ Ke5 57. Nd5 Rg7+ 58. Kh2 Ke4 0-1

[Event "XXIII Festival A"]
[Site "Porto San Giorgio ITA"]
[Date "2011.08.21"]
[Round "1"]
[White "Dobboletta, Alex"]
[Black "Boscolo, Federico"]
[Result "0-1"]
[WhiteElo "1910"]
[BlackElo "2210"]
[PlyCount "46"]
[EventDate "2011.08.21"]

1. e4 c5 2. Nf3 d6 3. d4 cxd4 4. Nxd4 Nf6 5. Nc3 g6 6. Be3 Bg7 7. f3 Nc6 8. Qd2
O-O 9. g4 Bxg4 10. fxg4 Nxg4 11. Nxc6 bxc6 12. Bg5 Rb8 13. Be2 Nf6 14. h4 Rxb2
15. h5 Qa5 16. hxg6 fxg6 17. Bh6 Bxh6 18. Rxh6 Qe5 19. O-O-O Rb4 20. a3 Nxe4
21. Qd3 Qg5+ 22. Rd2 Nf2 23. Qa6 Rd4 0-1